| 000 | 01284naa a22003497a 4500 | ||
|---|---|---|---|
| 001 | BR6009962 | ||
| 003 | BR-BrBNA | ||
| 005 | 20240918173130.0 | ||
| 007 | ta | ||
| 008 | 230509b bl.||||| |||| 00| 0 por d | ||
| 040 |
_aBR-BrBNA _bpor _cBiblioteca Nacional de Agricultura |
||
| 041 | _a(Pt) | ||
| 072 |
_aL74; L10 _b5212 _b3580 |
||
| 090 | _aL74 BR6009962 | ||
| 100 | 1 | _aBarreto, J.F. | |
| 100 | 1 | _aMies Filho, A. | |
| 111 | 1 |
_a2. Congresso Brasileiro de Veterinaria _cBelo Horizonte, MG (Brazil) _d7 Sep 1943 |
|
| 245 | 1 | _aSugestoes para avaliacao do poder fecundante dos reprodutores machos [Bovino; Bos taurus; Esterilidade; Inseminacao artificial] | |
| 260 | 3 |
_aRio de Janeiro, GB (Brasil): _c[nd]. |
|
| 500 | _aAnais do 2. Congresso Brasileiro de Veterinaria Rio de Janeiro, GB (Brasil): [nd]. p. 723-729 (BR6009962-AM)L74 | ||
| 650 | _aDisturbio animal | ||
| 650 | _aMelhoramento genetico animal | ||
| 650 | _aBovino | ||
| 650 | _aSemen | ||
| 650 | _aDisturbio fisiologico | ||
| 650 | _aEsterilidade | ||
| 650 | _aInseminacao artificial | ||
| 650 | _aReprodutor | ||
| 773 | 0 |
_tAnais do 2. Congresso Brasileiro de Veterinaria _wL74 BR6009962 _gRio de Janeiro, GB (Brasil), [nd]. p. 723-729 |
|
| 909 |
_a202404 _bLucia _c55 _dLucia Elande |
||
| 942 |
_cAM _2AGRIS |
||
| 999 |
_c303043 _d303043 |
||